000 01816nam0a2200325 4500
001 RU\NLR\bibl\1295698
005 20250615145607.0
010 _a978-5-7695-5648-7
_93000
021 _aRU
_b2008-77375
_94478
035 _a(NLR Aleph) 001281327
090 _a500895
_c500895
100 _a20081118d2008 |||y0rusy50 ca
101 0 _arus
102 _aRU
105 _aa |||||||||
200 1 _aБезопасность в чрезвычайных ситуациях
_eучебник для студентов высших учебных заведений, обучающихся по специальностям "Безопасность жизнедеятельности в техносфере" и "Безопасность технологических процессов и производств" направления подготовки дипломированных специалистов "Безопасность жизнедеятельности"
_fБ.С. Мастрюков
205 _a5-е изд., стер.
210 _aМосква
_cАкадемия
_d2008
215 _a333, [1] с.
_cил.
_d22
225 1 _aВысшее профессиональное образование
_iБезопасность жизнедеятельности
320 _aБиблиогр.: с. 330-331
606 0 _aЧрезвычайные ситуации
_jУчебники для высших учебных заведений
_xБезопасность жизнедеятельности
_92083092
_3RU\NLR\auth\661259141
686 _aЦ69,6(2Р)0я73-1
700 1 _aМастрюков
_bБ. С.
_gБорис Степанович
_4070
801 0 _aRU
_bNLR
_c20081118
_gRCR
801 1 _aRU
_bNLR
_c20081118
830 _aавт. по кн.
942 _cBOOK
980 _aNB